Statistics for Countries by main road network #1

Click here to take the quiz!

General Stats

  • This quiz has been taken 47 times
  • The average score is 13 of 16

Answer Stats

Answer% Correct
Italy
98%
United States
98%
India
95%
Germany
93%
Japan
93%
Argentina
91%
Norway
91%
Thailand
91%
Brazil
86%
China
82%
Egypt
80%
Australia
75%
France
73%
Russia
61%
Canada
57%
Saudi Arabia
34%

Score Distribution

Percentile by Number Answered

Percent of People with Each Score

Your Score History

You have not taken this quiz